[Event "AUTO-OPEN-941"]
[Site "http://www.queenalice.com/game.php?id=323084"]
[Date "2007.12.20"]
[Round "1"]
[White "C_kaverna"]
[Black "GSR"]
[Result "1-0"]
[WhiteElo "1609"]
[BlackElo "1096"]

1. e4 e6 2. d3 b6 3. f4 g6 4. Nf3 Ba6 5. Nc3 Qf6 6. g3 Bb7 7. Bg2 Bb4 8. Bd2 Bc5
9. Ne2 Qxb2 10. Bc3 Qa3 11. Bxh8 f6 12. Qc1 Qb4+ 13. c3 Qa4 14. d4 Ba3 15. Qd1
Qc6 16. e5 f5 17. Nh4 d5 18. exd6 Qxg2 19. Nxg2 Bxg2 20. dxc7 Na6 21. Qa4+ Kf8
22. Qxa6 Bxh1 23. c8=Q+ Kf7 24. Qd7+ Be7 25. Qa3 b5 26. Qad6 Rd8 27. Q6xe6+ Kf8
28. Qexe7+ Nxe7 29. Qxd8+ Kf7 30. O-O-O Nd5 31. Rxh1 Ne3 32. Qd7+ Kf8 33. Bf6
Ng4 34. Qe7+ Kg8 35. Qg7# 1-0

[Event "AUTO-OPEN-941"]
[Site "http://www.queenalice.com/game.php?id=323085"]
[Date "2007.12.20"]
[Round "1"]
[White "GSR"]
[Black "C_kaverna"]
[Result "0-1"]
[WhiteElo "1114"]
[BlackElo "1233"]

1. d4 d5 2. g3 e6 3. c3 f5 4. Qa4+ c6 5. Bg5 Nf6 6. Bh4 Nbd7 7. Nf3 h6 8. Na3 g5
9. Rd1 Ne4 10. Rd3 Be7 11. g4 gxh4 12. gxf5 exf5 13. Nxh4 Bxh4 14. Rf3 Bxf2+ 15.
Kd1 Qg5 16. e3 Bxe3 17. h3 Nf2+ 18. Ke1 Nxh1 19. Qc2 Nf6 20. Qe2 f4 21. Qg2 Qh4+
22. Ke2 Ng3+ 23. Kd3 Bf5# 0-1

[Event "Challenge"]
[Site "http://www.queenalice.com/game.php?id=324998"]
[Date "2007.12.24"]
[Round "-"]
[White "GSR"]
[Black "Paulsains"]
[Result "0-1"]
[WhiteElo "1058"]
[BlackElo "1886"]

1. e4 e5 2. b3 Nf6 3. Nf3 Nxe4 4. Qe2 d5 5. d3 Bb4+ 6. Kd1 Nc3+ 7. Ke1 Nxe2+ 8.
Kxe2 Qf6 9. Bb2 d4 10. a3 Bc5 11. b4 Bb6 12. c3 Bg4 13. h3 Bxf3+ 14. gxf3 dxc3
15. Bxc3 Nc6 16. Bg2 O-O-O 17. Rd1 Nd4+ 18. Ke1 Nc2+ 19. Ke2 Nxa1 20. Bxa1 Qh4
21. Rf1 Rhe8 22. Nc3 Qd4 23. b5 Qxd3+ 24. Ke1 Qd2# 0-1

[Event "Challenge"]
[Site "http://www.queenalice.com/game.php?id=325015"]
[Date "2007.12.24"]
[Round "-"]
[White "GSR"]
[Black "MORTIMER"]
[Result "0-1"]
[WhiteElo "1132"]
[BlackElo "1864"]

1. e4 c5 2. b3 Nf6 3. Qf3 Nc6 4. Bc4 e6 5. Bb2 Qc7 6. e5 Nxe5 7. Qf4 Nd3+ 8.
cxd3 Qxf4 9. Nh3 Qf5 10. Na3 a6 11. O-O b5 12. Bxb5 axb5 13. Nxb5 Nd5 14. Bxg7
Qxd3 15. Bxh8 Qxb5 16. Rfe1 Be7 17. Re5 Bb7 18. Rg5 Bxg5 19. Nxg5 Qc6 20. Re1
Ne7 0-1

[Event "Challenge"]
[Site "http://www.queenalice.com/game.php?id=326773"]
[Date "2007.12.27"]
[Round "-"]
[White "Tanatos"]
[Black "GSR"]
[Result "0-1"]
[WhiteElo "1100"]
[BlackElo "1058"]

1. e4 e5 2. Nf3 Qf6 3. d3 g5 4. Nxg5 Bc5 5. d4 Bb6 6. Bc4 Nh6 7. f3 exd4 8. Na3
Rg8 9. h4 Qd6 10. Nb5 Qc6 11. Nxh7 Rg7 12. Bxh6 Rxh7 13. Bf4 Qxc4 14. Nxc7+ Bxc7
15. Bxc7 Qxc7 16. Qxd4 b6 17. Qd5 Bb7 18. Qf5 Rg7 19. O-O-O d6 20. Qf6 Rg6 21.
Qh8+ Ke7 22. h5 Re6 23. h6 Na6 24. Qg7 Rg6 25. Qh7 Bc6 26. Rh4 Ba4 27. b3 Bb5
28. Rg4 Rc8 29. Rxg6 Qxc2# 0-1

[Event "Challenge"]
[Site "http://www.queenalice.com/game.php?id=326800"]
[Date "2007.12.27"]
[Round "-"]
[White "GSR"]
[Black "Tanatos"]
[Result "0-1"]
[WhiteElo "1146"]
[BlackElo "1279"]

1. e4 e5 2. Qf3 g6 3. Bc4 Nh6 4. b3 c6 5. h4 f5 6. Qg3 f4 7. Qc3 Ng4 8. f3 Nf6
9. Qxe5+ Be7 10. Nh3 d6 11. Qxf4 d5 12. exd5 cxd5 13. Bb5+ Bd7 14. Ba4 O-O 15.
Bb2 d4 16. Qh6 Bxh3 17. Rxh3 a6 18. h5 gxh5 19. Rg3+ Kf7 20. b4 Qd6 21. Qg7+ Ke6
22. Rg5 Rg8 23. Qh6 Rxg5 24. Bb3+ Kf5 0-1

[Event "Challenge"]
[Site "http://www.queenalice.com/game.php?id=326879"]
[Date "2007.12.28"]
[Round "-"]
[White "GSR"]
[Black "hooligan"]
[Result "0-1"]
[WhiteElo "1113"]
[BlackElo "1329"]

1. e4 e5 2. Qf3 d6 3. Bc4 Nf6 4. g4 g5 5. Nh3 Bxg4 6. Qb3 a5 7. Nxg5 a4 8. Qg3
d5 9. Qxe5+ Be7 10. Nxf7 Kxf7 11. h3 Bd7 12. exd5 b5 13. d6+ Be6 14. Qxe6+ Ke8
15. Bxb5+ c6 16. Bc4 Qxd6 17. Qf7+ Kd7 18. Qg7 Qe5+ 19. Kf1 Rc8 20. c3 Ra5 21.
b3 axb3 22. Bxb3 Na6 23. d4 Qe4 24. Rg1 c5 25. Bg5 c4 26. Bd1 Ne8 27. Qf7 Nd6
28. Qg7 Nf5 29. Qf7 Nc7 30. Bg4 Ne6 31. h4 Re8 32. Bh5 Nxg5 33. Qxe8+ Ke6 34.
hxg5 Qd3+ 35. Be2 Qh3+ 36. Ke1 Qh2 37. Rg4 Nd6 38. Qg8+ Kd7 39. Rf4 Qxf4 40. Nd2
Rxg5 41. Qxh7 Rg1+ 42. Nf1 Ne4 43. Rd1 Nxf2 44. Rb1 Ne4 45. Rd1 Nxc3 46. Qh3+
Ke8 47. Qxc3 Bh4+ 48. Qg3 Bxg3# 0-1

[Event "Challenge"]
[Site "http://www.queenalice.com/game.php?id=345771"]
[Date "2008.1.30"]
[Round "-"]
[White "GSR"]
[Black "Football_rules"]
[Result "0-1"]
[WhiteElo "1149"]
[BlackElo "1487"]

1. e4 e5 2. g3 Nc6 3. Qf3 Nf6 4. Bc4 Nd4 5. Qd3 Bc5 6. c3 d5 7. exd5 Nxd5 8.
cxd4 exd4 9. Qf3 c6 10. Nh3 O-O 11. Nf4 Re8+ 12. Ne2 b5 13. Bd3 Ba6 14. Qh5 Nf6
15. Qxc5 h6 16. O-O Bb7 17. Qxb5 cxb5 18. Bxb5 Re7 19. Nf4 Nd5 20. Bc4 Nxf4 21.
gxf4 Qd6 0-1

[Event "Challenge"]
[Site "http://www.queenalice.com/game.php?id=346319"]
[Date "2008.1.31"]
[Round "-"]
[White "GSR"]
[Black "Stewart_The_Great"]
[Result "0-1"]
[WhiteElo "1152"]
[BlackElo "1492"]

1. e4 e5 2. Qf3 Nc6 3. Bc4 Qe7 4. Nc3 Nh6 5. Nd5 Qd6 6. d3 Nd4 7. Qd1 b5 8. Bb3
c6 9. Ne3 Qg6 10. g3 d5 11. exd5 Ng4 12. c3 Nf5 13. dxc6 h5 14. Qf3 a5 15. c7 a4
16. Qd5 Bb7 17. Qxb7 Nd6 18. Qxa8+ Kd7 19. Qd8+ Kc6 20. c8=Q+ Nxc8 21. Qxc8+ Kd6
22. Qe8 axb3 23. axb3 Nf6 24. Qxb5 Nd7 25. Ra6+ Ke7 26. Rxg6 fxg6 27. Nd5+ Ke6
28. Nc7+ Kd6 0-1

[Event "Challenge"]
[Site "http://www.queenalice.com/game.php?id=346402"]
[Date "2008.1.31"]
[Round "-"]
[White "GSR"]
[Black "JhonDie"]
[Result "0-1"]
[WhiteElo "1096"]
[BlackElo "1453"]

1. e4 e6 2. Qf3 Qe7 3. Nh3 c6 4. Qf4 Qc5 5. c3 d5 6. Ng5 f5 7. Qc7 Be7 8. Qxc8+
Bd8 9. Nxe6 Qe7 10. Nd4 Qxe4+ 11. Ne2 Qe7 12. b3 Qd7 13. Qxd7+ Nxd7 14. g3 Ngf6
15. Nf4 Nc5 16. b4 Nce4 17. Ba3 Bb6 18. f3 Ng5 19. h4 Nxf3+ 20. Kd1 Bf2 21. Ke2
Bxg3 22. Kxf3 Ne4 23. Ne6 g6 24. b5 Kf7 25. Nd4 Rac8 26. d3 Be5 27. Ne2 Nf6 28.
d4 Bc7 29. bxc6 bxc6 30. Nf4 Ne4 31. c4 Ba5 32. Bc1 Rhe8 33. h5 g5 34. Ne2 g4+
35. Kf4 Kf6 36. cxd5 cxd5 37. Ba3 Nd2 38. Nxd2 Bxd2+ 39. Kg3 Re3+ 40. Kg2 Rxa3
41. Nf4 Bxf4 42. Rb1 Rc2+ 43. Kg1 Be3# 0-1

[Event "Challenge"]
[Site "http://www.queenalice.com/game.php?id=350983"]
[Date "2008.2.8"]
[Round "-"]
[White "GSR"]
[Black "JhonDie"]
[Result "0-1"]
[WhiteElo "1156"]
[BlackElo "1500"]

1. e4 e6 2. Qf3 Nc6 3. Nh3 Nd4 4. Qc3 e5 5. f4 Bb4 6. Qc4 Qh4+ 7. Nf2 c5 8. g3
Qf6 9. Ng4 Qc6 10. Bg2 d6 11. Nf2 f6 0-1